| 000 | 00454nam a22001697a 4500 | ||
|---|---|---|---|
| 003 | NUST - PNEC | ||
| 005 | 20170116180903.0 | ||
| 008 | 150902b xxu||||| |||| 00| 0 eng d | ||
| 020 | _a8173196273 | ||
| 040 | _cLIBRARY | ||
| 082 | _a620.106 MUR | ||
| 100 |
_96483 _aMuralidhar, Krishnamurthy |
||
| 245 |
_aAdvanced engineering fluid mechanics _cKrishnamurthy,Muralidhar |
||
| 250 | _a2th ed | ||
| 650 |
_96484 _aFluid mechanics _xME |
||
| 942 |
_2ddc _cBK |
||
| 999 |
_c65017 _d65017 |
||